FUNDAMENTALS OF NURSING (Record no. 3245)
[ view plain ]
| 000 -LEADER | |
|---|---|
| fixed length control field | 00261nam a22001097a 4500 |
| 008 - FIXED-LENGTH DATA ELEMENTS--GENERAL INFORMATION | |
| fixed length control field | 170120b xxu||||| |||| 00| 0 eng d |
| 020 ## - INTERNATIONAL STANDARD BOOK NUMBER | |
| International Standard Book Number | 9781416040712 |
| 041 ## - LANGUAGE CODE | |
| Language code of text/sound track or separate title | eng |
| 080 ## - UNIVERSAL DECIMAL CLASSIFICATION NUMBER | |
| Edition identifier | 3RD |
| Universal Decimal Classification number | 618.2 |
| 245 ## - TITLE STATEMENT | |
| Title | FUNDAMENTALS OF NURSING |
| Statement of responsibility, etc | HARKEADERM H |
| 942 ## - ADDED ENTRY ELEMENTS (KOHA) | |
| Source of classification or shelving scheme | |
| Item type | Books |
| Withdrawn status | Lost status | Source of classification or shelving scheme | Damaged status | Not for loan | Collection code | Permanent location | Current location | Shelving location | Date acquired | Total Checkouts | Full call number | Barcode | Date last seen | Price effective from | Koha item type |
|---|---|---|---|---|---|---|---|---|---|---|---|---|---|---|---|
| Koleksioni i përgjithshem | UBT - Lipjan | UBT - Lipjan | Koleksioni i përgjithshem | 01/20/2017 | 6182 HAR | 002-036467 | 01/20/2017 | 01/20/2017 | Books | ||||||
| Koleksioni i përgjithshem | UBT - Lipjan | UBT - Lipjan | 10/24/2022 | 610.73 HAR | 002-800028700260303 | 10/24/2022 | 10/24/2022 | Books | |||||||
| Koleksioni i përgjithshem | UBT - Lipjan | UBT - Lipjan | 05/18/2023 | 610.73HAR | 002-800080317 | 05/18/2023 | 05/18/2023 | Books |